Liberalizácia trhu telekomunikačných služieb na Slovensku dizertačná práca

Na minha lista:
Detalhes bibliográficos
Autor principal: Guláš, Pavel
Autor Corporativo: Ekonomická univerzita v Bratislave. Obchodná fakulta
Outros Autores: Michalová, Valéria
Formato: Livro
Idioma:eslovaco
Publicado em: Bratislava 2007
Assuntos:
Tags: Adicionar Tag
Sem tags, seja o primeiro a adicionar uma tag!

MARC

LEADER 00000nam$a2200000$$$4500
001 0100036
005 20240109070843.7
041 0 |a slo 
044 |a SK 
245 1 0 |a Liberalizácia trhu telekomunikačných služieb na Slovensku  |b dizertačná práca  |c Pavel Guláš ; škol. Valéria Michalová 
264 1 |a Bratislava  |c 2007 
300 |a 186 s. 
610 2 0 |a telekomunikácie 
610 2 0 |a služby 
610 2 0 |a liberalizácia 
610 2 0 |a trh 
610 2 0 |a Slovensko 
100 1 |a Guláš, Pavel 
700 1 |a Michalová, Valéria 
710 2 |a Ekonomická univerzita v Bratislave. Obchodná fakulta